Pervičnyje istočniki toka /

Na minha lista:
Detalhes bibliográficos
Autor principal: Crompton, T.R (Author)
Formato: Livro
Publicado em: Moskva : Mir, 1986
Tags: Adicionar Tag
Sem tags, seja o primeiro a adicionar uma tag!

MARC

LEADER 00000nam a22000003a 4500
001 stu18749
005 20150617225752.4
008 ------s1986----xxr---------------------d
040 |a STU  |b slo 
041 0
044 |a xxr 
080 |a 621.355 
100 1 |a Crompton, T.R  |4 aut 
245 1 |a Pervičnyje istočniki toka /  |c [aut.]Crompton,T.R 
260 |a Moskva :  |b Mir,  |c 1986 
300 |a 324 s :  |b Obr.,tab.,grafy,index 
996 |b C77337  |c C*77337  |l CCVI  |s P  |a 0  |w stu18749_0001